1708 1760 1931 1398 1544 1777 1524 1717 1682 1671 1196 1589 1977 1944 1207 1441 1490 1914 1229 1683 1382 1375 1421 1634 1352 1691 1610 1088 1909 1466 1414 1030 1107 1324 1255 1109 1467 1543 1578 1992 1482 1478 1963 1679 1597 1987 1052 1916 1962 1497 1247 1855 1091 1602 1574 1599 1275 1148 1642 1108 1972 1250 1112 1184 1405 1291 1287 1366 1543 1048 1561 1173 1724 1072 1148 1605 1275 1144 1020 1462 1008 1077 1900 1675 1411 1560 1370 1807 1055 1459 1060 1324 1919 1724 1797 1364 1940 1101 1887 BCNSPRNW ULIB Ver.6.0+V

เปลี่ยนเป็นภาษาไทย

Change to English
 แสดงรายละเอียดบรรณานุกรม
  กลับหน้าหลัก

Brief Record : Get Marc (ISO 2709) : E-mail record : QR code < ปิดหน้าต่าง
LEADER : 00000nam 2200000uu 4500
001    13399129204
003     ULIB
008    020711s2568 th a 000 0 tha d
020    ^a9786166299366
060    ^aWY161^bร632ก
100    ^aรุ่งนภา เขียวชะอ่ำ
245    ^aการพยาบาลผู้ป่วยบาดเจ็บที่สมองตั้งแต่ระยะก่อนถึงโรงพยาบาลสู่การดูแลที่บ้าน Nursing care for patients with traumatic brain injury from prehospital to home care
250    ^aพิมพ์ครั้งที่ 1
260    ^aขอนแก่น :^bเพ็ญพริ้นติ้ง,^c2568
300    ^a226 หน้า;^b25 ซม.
650    ^aศัลยกรรม^xสมอง^xการพยาบาล
650    ^aผ่าตัด^xสมอง^xการพยาบาล
999    ^aประนอม เกษจรัล
รายการนี้ยังไม่มีแท็ก
คุณยังไม่ได้ล็อกอิน คุณสามารถมีกิจกรรมร่วมกับเว็บไซต์ได้ แต่ต้องล็อกอินก่อน ::
  ล็อกอิน

รายการสื่อสารสนเทศ

ลำดับที่ ประเภท เลขเรียก/บาร์โค้ด สถานที่ สถานะ
1. Book การพยาบาล
หนังสือสำรอง
สถานะ=หนังสือสำรอง
WY161 ร632ก ฉ.1 
  Barcode: 012153
ห้องสมุดวิทยาเขตสวรรค์ประชารักษ์
►หนังสือทั่วไป
บนชั้น
2. Book การพยาบาล
Book การพยาบาล
WY161 ร632ก ฉ.2 
  Barcode: 012154
ห้องสมุดวิทยาเขตสวรรค์ประชารักษ์
►หนังสือทั่วไป
บนชั้น
3. Book การพยาบาล
Book การพยาบาล
WY161 ร632ก ฉ.3 
  Barcode: 012155
ห้องสมุดวิทยาเขตสวรรค์ประชารักษ์
►หนังสือทั่วไป
บนชั้น
4. Book การพยาบาล
Book การพยาบาล
WY161 ร632ก ฉ.4 
  Barcode: 012156
ห้องสมุดวิทยาเขตสวรรค์ประชารักษ์
►หนังสือทั่วไป
บนชั้น
5. Book การพยาบาล
Book การพยาบาล
WY161 ร632ก ฉ.5 
  Barcode: 012157
ห้องสมุดวิทยาเขตสวรรค์ประชารักษ์
►หนังสือทั่วไป
บนชั้น

BibComment


ยังไม่เคยถูกคอมเมนท์

คอมเมนท์ทรัพยากรรายการนี้
  คอมเมนท์: การพยาบาลผู้ป่วย..


 Copyright 2026. Bcnsprnw @Library